Whora Dallskings (Record no. 158109)

MARC details
000 -LEADER
campo de control de longitud fija 00669nam a22001815i 4500
001 - NÚMERO DE CONTROL
campo de control 158109
003 - IDENTIFICADOR DE NÚMERO DE CONTROL
campo de control ES-MaACL
005 - FECHA Y HORA DE LA ÚLTIMA TRANSACCIÓN
campo de control 20240511063039.0
008 - DATOS DE LONGITUD FIJA--INFORMACIÓN GENERAL
campo de control de longitud fija 990301s1887 sp |||| | spa d
040 ## - FUENTE DE CATALOGACIÓN
Centro catalogador/agencia de origen CCPB | B
Lengua de catalogación spa
Centro/agencia transcriptor CCPB | B
100 1# - ENTRADA PRINCIPAL--NOMBRE DE PERSONA
Nombre de persona Lorenzo d'Ayot, Manuel,
Fechas asociadas al nombre -1911
9 (RLIN) 125762
245 10 - MENCIÓN DEL TÍTULO
Título Whora Dallskings
Resto del título : poema en prosa /
Mención de responsabilidad, etc. original de Manuel Lorenzo d'Ayot.
260 ## - PUBLICACIÓN, DISTRIBUCIÓN, ETC.
Lugar de publicación, distribución, etc. Madrid :
Nombre del editor, distribuidor, etc. [s.n.],
Fecha de publicación, distribución, etc. 1887 (
Fabricante Imprenta de Manuel G. Hernández)
300 ## - DESCRIPCIÓN FÍSICA
Extensión 18, [1] p. ;
Dimensiones 23 cm.
510 4# - NOTA DE CITAS O REFERENCIAS BIBLIOGRÁFICAS
Nombre de la fuente Palau,
Localización dentro de la fuente 122448
852 ## - LOCALIZACIÓN
Ubicación ES-MaACL
Número de control de estantería T-460-F-1
Nota libre -- Enc. hol.
condición física -- Falto de la cub. original
Nota libre -- Enc. en un vol. facticio
Holdings
Estatus retirado Estado de pérdida Estado de daño No para préstamo Colección Biblioteca de origen Biblioteca actual Ubicación en estantería Fecha de adquisición Total de préstamos Signatura topográfica completa Código de barras Visto por última vez Precio de reemplazo Tipo de ítem Koha
        Colección de folletos Biblioteca del Ateneo de Madrid Biblioteca del Ateneo de Madrid Depósito folletos 17/01/2008   T-460-F-1 1165475 23/02/2023 23/02/2023 Folleto